Parkbauten : Handbuch für Planung, Bau und Betrieb der Parkhäuser und Tiergaragen /

Uložené v:
Podrobná bibliografia
Ďalší autori: Sill, Otto (Editor)
Médium: Kniha
Jazyk:German
Vydané: Wiesbaden : Bauverlag, 1968.
Vydanie:2. Aufl.
ISBN: (viaz.)
Fyzický popis: 271, 56 s. : il.
Tagy: Pridať tag
Žiadne tagy, Buďte prvý kto otaguje tento záznam!

MARC

LEADER 00000nam a2200000 a 4500
001 000202607
005 20101022082418.0
008 030523s1968 gw ger d
020 |a (viaz.) 
040 |a SVKKK  |b slo  |c SVKKK  |e AACR2 
041 0 |a ger 
044 |a gw  |c DE 
245 0 0 |a Parkbauten :  |b Handbuch für Planung, Bau und Betrieb der Parkhäuser und Tiergaragen /  |c Oberbaueditor: Otto Sill. 
250 |a 2. Aufl. 
260 |a Wiesbaden :  |b Bauverlag,  |c 1968. 
300 |a 271, 56 s. :  |b il. 
504 |a Obsahuje bibliografiu a register 
700 1 |a Sill, Otto  |4 edt 
910 |a svkkk 
998 |a BK 
090 |g SCKHL  |k Sklad  |a V.73758  |j 435465  |i 2720012154  |s Absenčne